| 000 | 00685nam a22002777a 4500 | ||
|---|---|---|---|
| 003 | OSt | ||
| 005 | 20211109154231.0 | ||
| 008 | 211109b |||||||| |||| 00| 0 eng d | ||
| 040 | _c311624 | ||
| 049 | _aEM0000019650 | ||
| 056 | _aYMY | ||
| 090 | _a235.311 | ||
| 090 | _bP928c | ||
| 100 | _aPCUSA | ||
| 245 |
_aThe Catalogue of Korean Letters from Missionaries of PCUSA in Korea 1914-1925 _dPCUSA |
||
| 260 | _b미간행자료 | ||
| 300 |
_ap. _c28cm |
||
| 541 | _a이만열문고 | ||
| 563 | _a자료 | ||
| 653 | _a선교문서 | ||
| 653 | _a미북장로회 | ||
| 653 | _a미북장로교 | ||
| 653 | _a선교편지목록 | ||
| 653 | _a한국선교 | ||
| 942 |
_2ddc _cBK |
||
| 999 |
_c9378 _d9378 |
||